000 00355cam a22001337a 4500
008 180718b1956 xxu||||| |||| 00| 0 eng d
082 _aK9 W585
100 _aWhite, Robert W.
245 _aAbnormal personality: a text book
_cby Robert W. White
250 _a2nd ed.
260 _aNew York
_bRonald Press
_c1956
300 _a644p.
650 _aPersonality
999 _c437914
_d437914